000
00264nam a22001097a 4500
082
_a
621.3813 COL'F
100
_a
COLLIN, ROBERT K
_9
78044
245
_a
FOUNDATION FOR MICROWAVE ENGINEERING
260
_a
NEWYORK
_b
MCGRAW HILL
_c
1966
300
_a
589P
942
_c
BK
999
_c
583201
_d
583201